000 00889nam a2200181 a 4500
008 120416s1970 ||||||||||||||||| || u
050 _aTK 5101 Bet
100 _aBetts, J. A
245 1 0 _aSignal processing, modulation and noise
260 _aLondon
_bThe English Universities P
_c1970
300 _axii, 292p. : ill.
350 _a0.00
650 _aCOMMUNICATION
650 _aSIGNAL THEORY(TELECOMMUNICATION)
995 _aANNEX COLLECTION (Main Library)
_D0.00
_e715592
_FCBU-MAIN LIBRARY (Kitwe)
_H2
_I8.95
_jTK 5101 Bet
_UAVAILABLE
_y017331
_ZAnnex Low-Usage Collection
995 _aMAIN LIBRARY OPEN ACCESS
_D0.00
_e729833
_FCBU-MAIN LIBRARY (Kitwe)
_H1
_I8.95
_jTK 5101 Bet
_M3
_UAVAILABLE
_y023885
_ZMain Library Open Access Collection
995 _aANNEX COLLECTION (Main Library)
_D0.00
_e715397
_FCBU-MAIN LIBRARY (Kitwe)
_H3
_I8.95
_jTK 5101 Bet
_UAVAILABLE
_y017330
_ZAnnex Low-Usage Collection
999 _c80454
_d80454